• 首页
  • 本馆介绍
  • 公告通知
  • 最新文献
  • 馆藏检索
  • 电子资源
  • 读者导购
  • 参考咨询
  • 我的图书馆
  • 登录
  • 详细信息显示
  • 放入我的书架
  • 预约/预借图书
  • 作者相关作品
  • 分类相关作品
  • 丛书相关作品
  • 出版社相关作品

书目信息

  • 表格格式
  • 工作单格式
  • 卡片格式
题名:
近代上海职员生活史
    
 
作者: 江文君 著
分册:  
出版信息: 上海   上海辞书出版社  2011.07
页数: 17,396页
开本: 23cm
丛书名: 上海城市社会生活史丛书
单 册:
中图分类: D693.71
科图分类:
主题词: 中等资产阶级--社会生活--研究--上海 , 中等资产阶级 , 社会生活
电子资源:
ISBN: 978-7-5326-3450-7
000 00900oam2 2200277 450
001 010050018215
005 20120618152331.09
010    @a978-7-5326-3450-7@dCNY50.00
100    @a20110905d2011 em y0chiy50 ea
101 0  @achi
102    @aCN@b310000
105    @ay z 000yy
106    @ar
200 1  @a近代上海职员生活史@9jin dai shang hai zhi yuan sheng huo shi@f江文君著
210    @a上海@c上海辞书出版社@d2011.07
215    @a17,396页@d23cm
225 2  @a上海城市社会生活史丛书
330    @a本书主要内容包括:上海职员阶层的萌生与历史发展概述、职员阶层的教育:前程似锦、职场人生:职员阶层的职业等。
461  0 @12001 @a上海城市社会生活史丛书
606 0  @a中等资产阶级@x社会生活@x研究@y上海
606 0  @a中等资产阶级
606 0  @a社会生活
690    @aD693.71@v4
701  0 @a江文君@9jiang wen jun@4著
801  0 @aCN@bRENTIAN@c20110905
905    @b540577-81@dD693.71@e184@f5
    
    近代上海职员生活史/江文君著.-上海:上海辞书出版社,2011.07
    17,396页;23cm.-(上海城市社会生活史丛书)
    
    
    ISBN 978-7-5326-3450-7:CNY50.00
    本书主要内容包括:上海职员阶层的萌生与历史发展概述、职员阶层的教育:前程似锦、职场人生:职员阶层的职业等。
●
相关链接 在E读中查询图书 在五车中查询图书 在当当中查询图书 在豆瓣中查询图书


正题名:近代上海职员生活史     索取号:D693.71/184         预约/预借

序号 登录号 条形码 馆藏地/架位号 状态 备注
1 540577   205405774   第一样本阅览室/ [索取号:D693.71/184] 在馆    
2 540578   205405783   第一借阅区/ [索取号:D693.71/184] 在馆    
3 540579   205405792   第一借阅区/ [索取号:D693.71/184] 在馆    
4 540580   205405809   第一借阅区/ [索取号:D693.71/184] 在馆    
5 540581   205405818   第一借阅区/ [索取号:D693.71/184] 在馆    
唐山师范学院图书馆 欢迎您!
大连网信软件有限公司© 版权所有